BIBLIOTHÈQUE DE LA MAISON DU MEXIQUE

Logo 1 Logo 2

Innovation et mondialisation (notice nᵒ 5115)

détails MARC
000 -Sello discográfico
campo de control de longitud fija 01053nam0a2200301 4500
005 - Identificación de versión
campo de control 20251016084010.0
010 ## - Número Estándar Internacional de Libros (ISBN)
Número (ISBN) 2-7475-4896-1
035 ## - Otros números de control del sistema
Número de control del sistema 30204
099 ## - fechas locales
Tipo de ítem Koha LIBRO
100 ## - Datos de procesamiento general
Datos de procesamiento general 20110930d2003 m y0spay5003 ba
105 ## - Campo de datos codificados: Material textual, monográfico
Datos codificados de monografía a 001zy
200 1# - Título y mención de responsabilidad
Título propio Innovation et mondialisation
Designación general del material texto impreso
Otra información del título le cas de l'acier mexicain
Primer mención de responsabilidad Alenka Guzmán
210 ## - Publicación, distribución, etc.
Lugar de publicación, distribución, etc. Paris
Nombre del editor, distribuidor, etc. Editions L'Harmattan
Fecha de publicación, distribución, etc. 2003
215 ## - Descripción física
Designación de material específico y extensión del ítem 331 p
Otras características físicas il.
Dimensiones 22 cm
300 ## - Notas generales
Texto de la nota Incluye bibliografía: p.305-325
345 ## - Nota de información de adquisición
Fuente de adquisición/dirección de la suscripción [OBSOLETO] Donación Alenka Guzmán
410 #1 - Series
Título Recherches et Documents Amériques Latines
606 ## - Término temático usado como materia
Elemento de entrada Acero
Subdivisión temática Industria y comercio
Subdivisión geográfica México
Número Koha 10084
606 ## - Término temático usado como materia
Elemento de entrada Hierro
Subdivisión temática Industria y comercio
Subdivisión geográfica México
Número Koha 10085
606 ## - Término temático usado como materia
Elemento de entrada Industria
Subdivisión temática Innovaciones tecnológicas
Subdivisión geográfica México
Número Koha 10086
700 ## - Nombre personal - Responsabilidad primaria
Elemento de entrada Guzmán Chávez
Parte del nombre distinta del elemento de entrada Georgina Alenka
Número Koha 10087
801 #0 - Fuente de origen
País FR
Agencia cm
Reglas de catalogación (convenciones descriptivas) AFNOR
900 ## -
-- 1/20575
942 ## - ELEMENTOS DE ENTRADA SECUNDARIOS (KOHA)
Tipo de ítem Koha Livre
996 ## -
-- MEX
-- 751145101
-- MMAG
-- 004367
-- 980.72 H287 V.19
-- 20210105LIV
Exemplaires
Estatus retirado Estado de daño Estado de pérdida Fecha de adquisición Biblioteca de origen Biblioteca actual Ubicación en estantería Código de barras Precio de reemplazo Signatura topográfica completa No para préstamo Tipo de ítem Koha Nota pública Nota no pública
      05/08/2025 Casa México Paris Casa México Paris   004367 05/08/2025 980.72 H287 V.19   Livre 20210105LIV 751145101